000 00490nam a22001697a 4500
999 _c165799
_d165799
005 20190701160722.0
010 _aA-872503
020 _a9812046372
035 _aA-872503
037 _bTimes Books International
082 _a951.5
100 _aLevy, Patricla.
245 _aCultures of world tibet /
_cby Patricia Levy.
260 _aSingapore
_bTimes Books International
_c1996
300 _a128p
_b(it include index)
_c24cm (hbk)
942 _2ddc
_cEN
_h951.5
_mLEV